000
00292nam a2200121Ia 4500
005
20251222144903.0
008
251222s9999||||xx |||||||||||||| ||spa||
082
_a
869.552/P19/1988
100
_a
Palma, Ricardo
245
0
_a
Tradiciones Peruanas
264
_b
Visión Peruana
942
_c
LIB
999
_c
22063
_d
22063